Total Quality Control (Record no. 315604)

000 -LEADER
fixed length control field 00343 a2200157 4500
001 - CONTROL NUMBER
control field 80531
082 ## - DEWEY DECIMAL CLASSIFICATION NUMBER
Classification number 658.62 FEI
090 ## - LOCALLY ASSIGNED LC-TYPE CALL NUMBER (OCLC); LOCAL CALL NUMBER (RLIN)
-- 39658
-- 39658
100 ## - MAIN ENTRY--PERSONAL NAME
Personal name Feigenbaum
245 ## - TITLE STATEMENT
Title Total Quality Control
250 ## - EDITION STATEMENT
Edition statement 1
260 ## - PUBLICATION, DISTRIBUTION, ETC.
Place of publication, distribution, etc. London
Name of publisher, distributor, etc. McGraw Hill
Date of publication, distribution, etc. 1961
300 ## - PHYSICAL DESCRIPTION
Extent xi 627
500 ## - GENERAL NOTE
General note General Books
505 ## - FORMATTED CONTENTS NOTE
Formatted contents note Gifted Books
942 ## - ADDED ENTRY ELEMENTS (KOHA)
Institution code [OBSOLETE] caenust
Call number prefix 658.62 FEI
Holdings
Withdrawn status Lost status Damaged status Not for loan Collection code Permanent Location Current Location Date acquired Total Checkouts Full call number Barcode Date last seen Price effective from Koha item type
          College of Aeronautical Engineering (CAE) College of Aeronautical Engineering (CAE) 04/03/2017   658.62 FEI CAEG-2307 04/05/2017 04/05/2017 Book
© 2023 Central Library, National University of Sciences and Technology. All Rights Reserved.